000 00286nam a22001337a 4500
008 170921b xxu||||| |||| 00| 0 eng d
020 _a0382182782
041 _aeng
080 _a78
100 _a45
101 _aMUZ
245 _aWOORLD OF MUSIIC
_cGINN.S.B
942 _2udc
_cBK
999 _c28883
_d28883